| 000 | 00949nam a2200205 a 4500 | ||
|---|---|---|---|
| 005 | 20250621063842.0 | ||
| 008 | 021009s1981 es r 000 0 spa d | ||
| 020 | _a8434541440 | ||
| 035 | _aUPN01000120043 | ||
| 049 | _aC | ||
| 050 | 4 |
_aNA210 _bC54 |
|
| 245 | 0 | 4 |
_aLas cien maravillas / _cdir. Juan Salvat. |
| 260 |
_aNavarra, Esp. : _bSalvat, _c1981. |
||
| 300 |
_a12 v. : _bil. |
||
| 505 | 8 |
_aContenido: _gv.1. _tResidencias reales -- _gv.2. _tTemplos del poder -- _gv.3. _tTestimonios de la fe -- _gv.4. _tCentros de la democracia -- _gv.5. _tEdificios soñados -- _gv.6. _tLa exaltación de la divinidad -- _gv.7. _tEl desafío a la naturaleza -- _gv.8. _tArquitectura, hombre y ambiente -- _gv.9. _tEl esplendor de las religiones -- _gv.10. _tLa alegría de vivir -- _gv.11. _tSanturarios del misticismo -- _gv.12. _tMonumentos extraordinarios |
|
| 650 | 4 |
_aArquitectura _92322 |
|
| 650 | 2 |
_aAntigüedades _917464 |
|
| 700 | 1 |
_aSalvat, Juan, _eed. |
|
| 905 | _aLibro | ||
| 999 |
_c92393 _d92393 |
||